000 00648nam a2200253Ia 4500
003 OSt
005 20221007063120.0
006 a|||||r|||| 00| 0
007 ta
008 221006b |||||||| |||| 00| 0 eng d
024 _a20,245
037 _cTextual
040 _aFLL
_cFLL
_beng
041 _2eng
_aeng
082 _aZ,91, K6
100 _aSalmond
_9683802
245 0 _aJurisprudence
250 _a12th
260 _aBombay
_bN.M. Tripathi Pvt. Ltd. India
_c1966
300 _a481p
_ccm.
700 _a Fitzgerald P.J.
_9590382
942 _hZ,91, K6
_cTEXL
_2CC
999 _c1130411
_d1130411